000 00384nam a2200169Ia 4500
003 0STCL
008 150530s9999 xx 000 0 und d
040 _aSTCL
_cSTCL
100 _aPanicker, K.M.
245 _aRasikarasayanam
260 _bCurrent; Thrissur
_c1961
_aThrissur
300 _a0
546 _aMalayalam
942 _2ddc
_cBK
999 _c46515
_d46515
005 20220125170709.0